|
|
|
|
| LEADER |
00000nam0a2200000 4500 |
| 001 |
366780 |
| 005 |
20231102011921.0 |
| 035 |
|
|
|a (RuTPU)RU\TPU\retro\24143
|
| 090 |
|
|
|a 366780
|
| 100 |
|
|
|a 20220218d1979 m y0rusy50 ca
|
| 101 |
0 |
|
|a rus
|
| 102 |
|
|
|a RU
|
| 105 |
|
|
|a a j 001zy
|
| 200 |
1 |
|
|a Практикум по общей психологии
|e учебное пособие для вузов
|
| 210 |
|
|
|a Москва
|c Просвещение
|d 1979
|
| 215 |
|
|
|a 302 с.
|c ил.
|
| 320 |
|
|
|a Библиогр. в конце гл.
|
| 606 |
1 |
|
|a Психология общая
|2 stltpush
|3 (RuTPU)RU\TPU\subj\53137
|9 71487
|
| 610 |
1 |
|
|a практикумы
|
| 610 |
1 |
|
|a учебные пособия
|
| 610 |
1 |
|
|a семинарские занятия
|
| 610 |
1 |
|
|a личность
|
| 610 |
1 |
|
|a деятельность
|
| 610 |
1 |
|
|a психологические процессы
|
| 610 |
1 |
|
|a память
|
| 610 |
1 |
|
|a мышление
|
| 610 |
1 |
|
|a эмоции
|
| 610 |
1 |
|
|a воля
|
| 610 |
1 |
|
|a темперамент
|
| 610 |
1 |
|
|a характер
|
| 610 |
1 |
|
|a способности
|
| 686 |
|
|
|a Ю93я73
|v LBC/SL-A
|2 rubbk
|
| 702 |
|
1 |
|a Щербаков
|b А. И.
|4 340
|
| 801 |
|
1 |
|a RU
|b 63413507
|c 20220218
|
| 942 |
|
|
|c BK
|